000 00358pam a2200157a 44500
008 230515b2008 xxu||||| |||| 00| 0 eng d
020 _aNULL
041 _aENGLISH
082 _aN
100 _aALLAN B
245 _aGRAPHIC ART FOR THE BBC COMPUTER TURTLE GRAPHICS AND ART
250 _a0
260 _aN
_bN/A
_c2008
300 _a112
650 _aNULL
999 _c650991
_d650991